000 00587nam a2200157 i 4500
001 35590
003 ES-MaACL
005 20230906155147.0
007 t|
008 030213s1922 sp ||||1| cat d
100 1 _aBosch Gimpera, Pedro.
_930657
245 1 2 _aL'Assaig de reconstitució de l'etnologia de Catalunya
_b: discursos llegits en la "Real Academia de Buenas Letras" de Barcelona /
_cPedro Bosch Gimpera.
260 _aBarcelona :
_b[s.n.,
_c1922] (
_fImp. "Atlas Geográficas")
710 2 _aReial Acadèmia de Bones Lletres de Barcelona.
_9176228
852 _aES-MaACL
_j1634-F-5
999 _c35590
_d35590